| 000 | 00625nam a22002177a 4500 | ||
|---|---|---|---|
| 999 |
_c20667 _d20667 |
||
| 003 | AR-CdUCM | ||
| 008 | 190423b ||||| |||| 00| 0 eng d | ||
| 020 | _a9788416117017 | ||
| 040 |
_aMUNICIPALIDAD PROVINCIAL DEL CUSCO _cBIBLIOTECA MUNICIPAL DEL CUSCO |
||
| 082 |
_aPI / 803 / _bJ61 |
||
| 100 |
_aJo Napoli, Donna _943210 |
||
| 245 | _aUna perla única / | ||
| 260 |
_aIndia : _bObelisco, _c2014. |
||
| 300 |
_a29 páginas ; _c28 cm _bIlustrado |
||
| 505 | _aContenido : historieta. | ||
| 650 |
_aHistoria _9136 |
||
| 650 |
_ainfantil _96210 |
||
| 700 |
_aLamarche, Jo _943211 |
||
| 942 |
_2ddc _cLIBROS |
||
| 945 | _arcc | ||